| 000 | 00661nam a22001337a 4500 | ||
|---|---|---|---|
| 040 | _cRUA | ||
| 082 | _aAGR CHE 2013 B053 Or.1 | ||
| 100 | _aCHEA, LEANGSRUN. | ||
| 245 | _aeffect of vegetable cultural practices on soil physical and chemical properties (ឥទ្ធិពលនៃវិធីសាស្រ្តដំាដុះដំណាំបន្លែលើលក្វណៈរូបសាស្រ្ត និងគីមីសាស្រ្តរបស់ដី) | ||
| 260 |
_aPhnom Penh _bRUA _c2013 |
||
| 300 |
_ax, 50p. _bill. _c29cm. |
||
| 856 | _uhttps://drive.google.com/file/d/1z_Df1N0Dhd0TNSL0y7yds8JRUhbXS4dE/view?usp=sharing | ||
| 942 | _cAGR | ||
| 999 |
_c1214 _d1214 |
||